Statistics for Old Sitcoms by Lead Character

Click here to take the quiz!

General Stats

  • This quiz has been taken 674 times
  • The average score is 41 of 86

Answer Stats

HintAnswer% Correct
Dr. Heathcliff HuxtableThe Cosby Show
93%
Roseanne ConnorRoseanne
93%
Jerry SeinfeldSeinfeld
93%
Will SmithThe Fresh Prince of Bel-Air
88%
Dr. Frasier CraneFrasier
87%
Carol BradyThe Brady Bunch
85%
Sam MaloneCheers
85%
Al BundyMarried... With Children
85%
George JeffersonThe Jeffersons
83%
Rachel GreenFriends
82%
Richie CunninghamHappy Days
81%
Benjamin "Hawkeye" PierceM*A*S*H
80%
Archie BunkerAll in the Family
76%
Alex P. KeatonFamily Ties
73%
Tim TaylorHome Improvement
73%
Ray BaroneEverybody Loves Raymond
73%
Laverne DeFazioLaverne & Shirley
71%
Shirley PartridgeThe Partridge Family
70%
Fred SanfordSanford and Son
69%
Carrie BradshawSex and the City
69%
Fran FineThe Nanny
68%
Danny TannerFull House
67%
Gabe KotterWelcome Back, Kotter
64%
Dorothy ZbornakThe Golden Girls
64%
Felix UngerThe Odd Couple
63%
Jack TripperThree's Company
62%
Carl WinslowFamily Matters
62%
Hayden FoxCoach
61%
Sabrina SpellmanSabrina, the Teenage Witch
60%
Maude FindlayMaude
59%
Mary RichardsThe Mary Tyler Moore Show
58%
Rhoda GerardRhoda
58%
Zack MorrisSaved by the Bell
57%
Tony MicelliWho's the Boss
56%
Arnold JacksonDiff'rent Strokes
56%
CharlesCharles in Charge
56%
Benson DuBoisBenson
55%
Florida EvansGood Times
52%
Kevin ArnoldThe Wonder Years
52%
Lynn BelvedereMr. Belvedere
50%
Julia SugarbakerDesigning Women
50%
Cory MatthewsBoy Meets World
48%
Webster LongWebster
48%
Dr. Jason SeaverGrowing Pains
46%
Joanie CunninghamJoanie Loves Chachi
46%
Edna GarrettThe Facts of Life
44%
Harold T. "Harry" StoneNight Court
44%
Sandy HoganThe Hogan Family
44%
Alice HyattAlice
43%
Chico RodriguezChico and the Man
42%
Paul BuchmanMad About You
40%
Ellen MorganEllen
39%
Will TrumanWill & Grace
38%
Tia LandrySister, Sister
37%
Ricky StrattonSilver Spoons
35%
Alex ReigerTaxi
34%
Dick LoudonNewhart
34%
Maj. John MacGillisMajor Dad
34%
Whitley GilbertA Different World
31%
Ann RomanoOne Day at a Time
31%
Andy TravisWKRP in Cincinnati
31%
Dr. Robert HartleyThe Bob Newhart Show
30%
Kate McArdleKate & Allie
30%
Willy TannerALF
29%
Jessica TateSoap
27%
Deacon Ernest FryeAmen
26%
Joe HackettWings
26%
Thelma HarperMama's Family
26%
Dr. Harry WestonEmpty Nest
25%
Martin PayneMartin
24%
Nell HarperGimme a Break!
22%
Grace KellyGrace Under Fire
22%
Dave FoleyNewsRadio
21%
Carol Foster-LambertStep by Step
20%
Roger "Raj" ThomasWhat's Happening!!
20%
Larry AppletonPerfect Strangers
19%
Mary Jenkins227
17%
Kip WilsonBosom Buddies
16%
Mike FlahertySpin City
13%
Khadijah JamesLiving Single
13%
V.I.C.I.Small Wonder
10%
Henry RushToo Close for Comfort
9%
Coach Graham LubbockJust the Ten of Us
8%
Wood NewtonEvening Shade
7%
Charlie MooreHead of the Class
4%
Cassie CranstonIt's a Living
2%

Score Distribution

Percentile by Number Answered

Percent of People with Each Score

Your Score History

You have not taken this quiz